All Dragon-Type Pokémon moves (SV) - Statistics

General Stats
  • This quiz has been taken 69 times
  • The average score is 21 of 29
Answer Stats
Gen Category Base Power Description Answer % Correct
V Physical 60 The target is knocked away, and a different Pokémon is dragged out. In the wild, this ends a battle against a single Pokémon. Dragon Tail
98%
III Physical 80 The user slashes the target with huge, sharp claws to inflict damage. Dragon Claw
93%
II Physical 120 The user rampages and attacks for two to three turns. The user then becomes confused. Outrage
93%
I Special - This attack hits the target with a shock wave of pure rage. This attack always inflicts 40 HP damage. Dragon Rage
90%
II Special 40 The user whips up a vicious tornado to tear at opposing Pokémon. This may also make them flinch. Twister
90%
IV Special 130 Comets are summoned down from the sky onto the target. The recoil from this move harshly lowers the user’s Sp. Atk stat. Draco Meteor
88%
II Special 60 The user exhales a mighty gust that inflicts damage. This may also leave the target with paralysis. Dragon Breath
88%
III Status - The user vigorously performs a mystic, powerful dance that boosts its Attack and Speed stats. Dragon Dance
88%
IV Special 85 The target is attacked with a shock wave generated by the user's gaping mouth. Dragon Pulse
86%
VII Physical 90 The user uses its body like a hammer to attack the target and inflict damage. Dragon Hammer
83%
VIII Physical 25 The user attacks by shooting scales two to five times in a row. This move boosts the user's Speed stat but lowers its Defense stat. Scale Shot
83%
IV Special 100 The user tears the target along with the space around it. This move has a heightened chance of landing a critical hit. Spacial Rend
83%
IV Physical 100 The user tackles the target while exhibiting overwhelming menace. This may also make the target flinch. Dragon Rush
81%
IV Special 150 The user blasts the target with power that distorts even time. The user can't move on the next turn. Roar of Time
81%
VII Special 110 The user rubs the scales on its entire body and makes a huge noise to attack opposing Pokémon. The user’s Defense stat is lowered after the attack. Clanging Scales
79%
VIII Physical 50 The user attacks twice using Dreepy. If there are two opposing Pokémon, this move hits each of them once. Dragon Darts
79%
V Physical 40 The user attacks its target by hitting it with brutal strikes. The target is hit twice in a row. Dual Chop
79%
VIII Physical 60 The user swings its tough tail wildly and attacks opposing Pokémon. This also lowers their Attack stats. Breaking Swipe
67%
VIII Status - The user boosts all its stats by using some of its own HP. Clangorous Soul
67%
VIII Special 100 The user condenses energy within its body and unleashes that energy from its core to inflict damage. This move deals twice the damage if the target is Dynamaxed Dynamax Cannon
67%
IX Physical 120 The user throws its entire body into a reckless charge. Attacks from opposing Pokémon during the next turn cannot miss and will inflict double damage. Glaive Rush
62%
VIII Physical/Special - This is a Dragon-type attack Dynamax Pokémon use. This lowers the target's Attack stat. Max Wyrmwind
62%
VIII Special 160 This is Eternatus's most powerful attack in its original form. The user can't move on the next turn. Eternabeam
60%
IX Physical 80 The user attacks with elegant poise. If the user has a Tatsugiri in its mouth, this move boosts one of the user's stats based on the Tatsugiri's form. Order Up
60%
VII Special 185 After obtaining Z-Power, the user, Kommo-o, attacks the opposing Pokémon with full force. This move boosts the user’s stats. Clangorous Soulblaze
57%
VII Physical/Special - The user materializes its aura using its Z-Power and attacks the target with full force. The power varies, depending on the original move. Devastating Drake
57%
VIII Special 150 Converting its life-force into power, the user attacks opposing Pokémon. The lower the user's HP, the lower the move's power. Dragon Energy
55%
VIII Physical/Special - A Dragon-type attack that Gigantamax Duraludon use. Reduces the PP of the last move used. G-Max Depletion
36%
VII Special 100 If the Pokémon damaged by this move have already used their moves that turn, this move eliminates the effects of those Pokémon's Abilities. Core Enforcer
31%
No matching quizzes found
Score Distribution
Percent of People with Each Score
Percentile by Number Answered
Your Score History
You have not taken this quiz